000 00511nam a2200205Ia 4500
003 GCL
008 140319s9999 xx 000 0 eng d
040 _aGCL /
_cGCL
082 0 4 _a338.5
_bB A
100 1 _aBOYER, ROBERT
245 1 0 _aAFTER FORDISM /
_cBOYER, ROBERT
700 1 _aDURAND, JEAN - PIERRE
260 _a[S.N] :
_bMACMILIAN ،
_c1997
300 _a159 P
650 0 4 _aECONOMICS
650 0 4 _aINDUSTRIAL ECONOMICS
650 0 4 _aPRODUCTION ECONOMICS
650 0 4 _aFORDISM
942 _2ddc
_cBK
999 _c16404
_d16404